[Event "DVM U20w 2023"]
[Site "Magdeburg GER"]
[Date "2023.12.30"]
[Round "7"]
[White "Wilmink, Anna"]
[Black "Basovskiy, Jana"]
[Result "0-1"]
[Termination "normal"]
[Board "1.1"]
[WhiteElo "1826"]
[BlackElo "1847"]
[WhiteClock "00:02:17"]
[BlackClock "00:03:05"]
[WhiteTeam "SK Nordhorn-Blanke"]
[BlackTeam "Karlsruher SF 1853"]
[PlyCount "72"]
[WhiteFideId "16273680"]
[BlackFideId "16208617"]
[EventCountry "GER"]
[EventRounds "7"]
[EventType "team-swiss"]
[EventDate "2023.12.26"]

1. e4 {[%clk 01:30:57]} {[%emt 00:00:01]} c5 {[%clk 01:30:56]} {[%emt
00:00:04]} 2. Nf3 {[%clk 01:31:20]} {[%emt 00:00:07]} Nc6 {[%clk 01:31:23]}
{[%emt 00:00:04]} 3. d4 {[%clk 01:31:40]} {[%emt 00:00:10]} cxd4 {[%clk
01:31:49]} {[%emt 00:00:04]} 4. Nxd4 {[%clk 01:32:03]} {[%emt 00:00:06]} e5
{[%clk 01:32:15]} {[%emt 00:00:05]} 5. Nb5 {[%clk 01:32:22]} {[%emt 00:00:11]}
a6 {[%clk 01:32:40]} {[%emt 00:00:05]} 6. Nd6+ {[%clk 01:32:42]} {[%emt
00:00:09]} Bxd6 {[%clk 01:33:06]} {[%emt 00:00:05]} 7. Qxd6 {[%clk 01:33:03]}
{[%emt 00:00:09]} Qf6 {[%clk 01:33:31]} {[%emt 00:00:04]} 8. Qd1 {[%clk
01:32:36]} {[%emt 00:00:57]} Qg6 {[%clk 01:33:57]} {[%emt 00:00:04]} 9. Nc3
{[%clk 01:32:50]} {[%emt 00:00:16]} d5 {[%clk 01:34:19]} {[%emt 00:00:09]} 10.
Nxd5 {[%clk 01:32:45]} {[%emt 00:00:35]} Qxe4+ {[%clk 01:34:43]} {[%emt
00:00:06]} 11. Be3 {[%clk 01:32:49]} {[%emt 00:00:25]} Nd4 {[%clk 01:34:50]}
{[%emt 00:00:24]} 12. Nc7+ {[%clk 01:32:51]} {[%emt 00:00:27]} Ke7 {[%clk
01:35:15]} {[%emt 00:00:05]} 13. Be2 {[%clk 01:32:45]} {[%emt 00:00:36]} Nxc2+
{[%clk 01:13:35]} {[%emt 00:22:11]} 14. Kf1 {[%clk 01:32:45]} {[%emt 00:00:30]}
Nxe3+ {[%clk 01:11:57]} {[%emt 00:02:07]} 15. fxe3 {[%clk 01:32:57]} {[%emt
00:00:18]} Rb8 {[%clk 01:11:54]} {[%emt 00:00:34]} 16. Nd5+ {[%clk 01:27:14]}
{[%emt 00:06:13]} Ke8 {[%clk 01:11:13]} {[%emt 00:01:08]} 17. Qd2 {[%clk
01:04:06]} {[%emt 00:23:41]} Be6 {[%clk 00:26:44]} {[%emt 00:44:59]} 18. Nc7+
{[%clk 00:59:53]} {[%emt 00:04:43]} Ke7 {[%clk 00:27:08]} {[%emt 00:00:04]} 19.
Rd1 {[%clk 00:57:31]} {[%emt 00:02:53]} Qc6 {[%clk 00:22:09]} {[%emt 00:05:30]}
20. Qb4+ {[%clk 00:55:17]} {[%emt 00:02:44]} Kf6 {[%clk 00:22:24]} {[%emt
00:00:15]} 21. Nxe6 {[%clk 00:48:08]} {[%emt 00:07:39]} fxe6 {[%clk 00:22:16]}
{[%emt 00:00:38]} 22. Ke1 {[%clk 00:46:05]} {[%emt 00:02:33]} g6 {[%clk
00:18:05]} {[%emt 00:04:42]} 23. Rf1+ {[%clk 00:40:25]} {[%emt 00:06:09]} Kg7
{[%clk 00:18:28]} {[%emt 00:00:07]} 24. Bxa6 {[%clk 00:36:11]} {[%emt
00:04:44]} Qc7 {[%clk 00:13:49]} {[%emt 00:05:09]} 25. Bb5 {[%clk 00:34:08]}
{[%emt 00:02:33]} Nf6 {[%clk 00:03:44]} {[%emt 00:10:35]} 26. Qh4 {[%clk
00:14:56]} {[%emt 00:19:42]} Nd5 {[%clk 00:02:08]} {[%emt 00:02:06]} 27. Bc4
{[%clk 00:01:26]} {[%emt 00:14:00]} Rhf8 {[%clk 00:02:22]} {[%emt 00:00:15]}
28. Rxf8 {[%clk 00:01:14]} {[%emt 00:00:43]} Rxf8 {[%clk 00:02:45]} {[%emt
00:00:06]} 29. Bxd5 {[%clk 00:01:08]} {[%emt 00:00:36]} exd5 {[%clk 00:02:59]}
{[%emt 00:00:16]} 30. Rxd5 {[%clk 00:00:59]} {[%emt 00:00:40]} Qc1+ {[%clk
00:03:24]} {[%emt 00:00:04]} 31. Ke2 {[%clk 00:01:07]} {[%emt 00:00:23]} Qf1+
{[%clk 00:03:24]} {[%emt 00:00:29]} 32. Kd2 {[%clk 00:01:19]} {[%emt 00:00:18]}
Qxg2+ {[%clk 00:02:12]} {[%emt 00:01:42]} 33. Kc3 {[%clk 00:01:36]} {[%emt
00:00:14]} Qxd5 {[%clk 00:02:33]} {[%emt 00:00:09]} 34. Qe7+ {[%clk 00:01:51]}
{[%emt 00:00:14]} Rf7 {[%clk 00:02:55]} {[%emt 00:00:08]} 35. Qg5 {[%clk
00:01:51]} {[%emt 00:00:30]} Rc7+ {[%clk 00:02:59]} {[%emt 00:00:26]} 36. Kb4
{[%clk 00:02:17]} {[%emt 00:00:05]} Rc4+ {[%clk 00:03:05]} {[%emt 00:00:24]}
0-1

[Event "DVM U20w 2023"]
[Site "Magdeburg GER"]
[Date "2023.12.30"]
[Round "7"]
[White "Fischer, Darja"]
[Black "Garbuz, Nicole"]
[Result "1-0"]
[Termination "normal"]
[Board "1.2"]
[WhiteElo "1775"]
[BlackElo "1847"]
[WhiteClock "01:07:27"]
[BlackClock "00:10:39"]
[WhiteTeam "Karlsruher SF 1853"]
[BlackTeam "SK Nordhorn-Blanke"]
[PlyCount "103"]
[WhiteFideId "16240898"]
[BlackFideId "12990701"]
[EventCountry "GER"]
[EventRounds "7"]
[EventType "team-swiss"]
[EventDate "2023.12.26"]

1. d4 {[%clk 01:30:58]} {[%emt 00:00:01]} d5 {[%clk 01:30:57]} {[%emt
00:00:03]} 2. c4 {[%clk 01:31:24]} {[%emt 00:00:04]} e6 {[%clk 01:31:24]}
{[%emt 00:00:03]} 3. Nc3 {[%clk 01:31:51]} {[%emt 00:00:04]} Nf6 {[%clk
01:31:40]} {[%emt 00:00:13]} 4. Bg5 {[%clk 01:32:17]} {[%emt 00:00:04]} dxc4
{[%clk 01:31:17]} {[%emt 00:00:53]} 5. e3 {[%clk 01:32:02]} {[%emt 00:00:45]}
a6 {[%clk 01:31:23]} {[%emt 00:00:23]} 6. Bxc4 {[%clk 01:31:02]} {[%emt
00:01:31]} c5 {[%clk 01:30:46]} {[%emt 00:01:07]} 7. Nge2 {[%clk 01:30:06]}
{[%emt 00:01:26]} b5 {[%clk 01:28:41]} {[%emt 00:02:35]} 8. Bb3 {[%clk
01:29:58]} {[%emt 00:00:39]} Bb7 {[%clk 01:21:10]} {[%emt 00:08:00]} 9. O-O
{[%clk 01:27:14]} {[%emt 00:03:14]} Nbd7 {[%clk 01:06:35]} {[%emt 00:15:05]}
10. Rc1 {[%clk 01:24:53]} {[%emt 00:02:50]} c4 {[%clk 00:56:21]} {[%emt
00:10:45]} 11. Bc2 {[%clk 01:25:16]} {[%emt 00:00:06]} Qc7 {[%clk 00:50:58]}
{[%emt 00:05:53]} 12. f3 {[%clk 01:23:47]} {[%emt 00:02:00]} Bd6 {[%clk
00:45:45]} {[%emt 00:05:44]} 13. Bf4 {[%clk 01:17:50]} {[%emt 00:06:27]} O-O
{[%clk 00:42:13]} {[%emt 00:04:01]} 14. Ne4 {[%clk 01:16:05]} {[%emt 00:02:15]}
Bxf4 {[%clk 00:40:10]} {[%emt 00:02:33]} 15. Nxf4 {[%clk 01:14:36]} {[%emt
00:01:59]} e5 {[%clk 00:37:11]} {[%emt 00:03:29]} 16. Ne2 {[%clk 01:11:23]}
{[%emt 00:03:43]} Nd5 {[%clk 00:28:49]} {[%emt 00:08:52]} 17. Qd2 {[%clk
01:07:05]} {[%emt 00:04:48]} Rfe8 {[%clk 00:25:06]} {[%emt 00:04:13]} 18. N2c3
{[%emt 00:04:51]} exd4 {[%clk 00:20:39]} {[%emt 00:04:54]} 19. Nxd5 {[%clk
01:02:16]} {[%emt 00:01:00]} Bxd5 {[%clk 00:20:45]} {[%emt 00:00:23]} 20. Qxd4
{[%clk 01:02:37]} {[%emt 00:00:10]} Qe5 {[%clk 00:14:47]} {[%emt 00:06:28]} 21.
Rcd1 {[%clk 00:58:24]} {[%emt 00:04:42]} Be6 {[%clk 00:09:36]} {[%emt
00:05:42]} 22. Qxe5 {[%clk 00:56:34]} {[%emt 00:02:21]} Nxe5 {[%clk 00:10:00]}
{[%emt 00:00:05]} 23. Ng5 {[%clk 00:56:46]} {[%emt 00:00:18]} h6 {[%clk
00:09:46]} {[%emt 00:00:45]} 24. Nxe6 {[%clk 00:57:11]} {[%emt 00:00:05]} Rxe6
{[%clk 00:09:56]} {[%emt 00:00:19]} 25. Rfe1 {[%clk 00:54:13]} {[%emt
00:03:28]} Ree8 {[%clk 00:08:09]} {[%emt 00:02:17]} 26. Rd6 {[%clk 00:49:57]}
{[%emt 00:04:46]} Red8 {[%clk 00:03:10]} {[%emt 00:05:30]} 27. Red1 {[%clk
00:50:01]} {[%emt 00:00:26]} Nd3 {[%clk 00:02:22]} {[%emt 00:01:18]} 28. Rxd8+
{[%clk 00:45:26]} {[%emt 00:05:05]} Rxd8 {[%clk 00:02:48]} {[%emt 00:00:04]}
29. Bxd3 {[%clk 00:42:40]} {[%emt 00:03:15]} cxd3 {[%clk 00:03:08]} {[%emt
00:00:10]} 30. e4 {[%clk 00:42:21]} {[%emt 00:00:50]} a5 {[%clk 00:02:35]}
{[%emt 00:01:02]} 31. Kf2 {[%clk 00:38:50]} {[%emt 00:04:01]} Rc8 {[%clk
00:02:25]} {[%emt 00:00:39]} 32. Ke3 {[%clk 00:38:42]} {[%emt 00:00:39]} Rc2
{[%clk 00:01:21]} {[%emt 00:01:34]} 33. Rd2 {[%clk 00:39:08]} {[%emt 00:00:04]}
Rc1 {[%clk 00:01:15]} {[%emt 00:00:36]} 34. Kxd3 {[%clk 00:39:17]} {[%emt
00:00:21]} Kf8 {[%clk 00:00:43]} {[%emt 00:01:02]} 35. Rc2 {[%clk 00:37:21]}
{[%emt 00:02:27]} Rd1+ {[%clk 00:01:05]} {[%emt 00:00:08]} 36. Ke3 {[%clk
00:37:10]} {[%emt 00:00:41]} Ra1 {[%clk 00:00:53]} {[%emt 00:00:41]} 37. a3
{[%clk 00:37:26]} {[%emt 00:00:15]} Rb1 {[%clk 00:00:35]} {[%emt 00:00:48]} 38.
Kd4 {[%clk 00:37:36]} {[%emt 00:00:20]} Rh1 {[%clk 00:00:38]} {[%emt 00:00:27]}
39. h3 {[%clk 00:37:58]} {[%emt 00:00:08]} b4 {[%clk 00:00:40]} {[%emt
00:00:27]} 40. axb4 {[%clk 00:38:19]} {[%emt 00:00:10]} axb4 {[%clk 00:01:06]}
{[%emt 00:00:04]} 41. Kc4 {[%clk 00:38:43]} {[%emt 00:00:06]} Ke7 {[%clk
00:27:44]} {[%emt 00:03:52]} 42. Kxb4 {[%clk 01:09:06]} {[%emt 00:00:06]} Rd1
{[%clk 00:27:26]} {[%emt 00:00:48]} 43. Kb5 {[%clk 01:09:03]} {[%emt 00:00:32]}
Rd8 {[%clk 00:27:28]} {[%emt 00:00:28]} 44. b4 {[%clk 01:09:09]} {[%emt
00:00:25]} Rb8+ {[%clk 00:26:17]} {[%emt 00:01:41]} 45. Ka4 {[%clk 01:09:11]}
{[%emt 00:00:27]} Kd6 {[%clk 00:24:17]} {[%emt 00:02:30]} 46. b5 {[%clk
01:09:09]} {[%emt 00:00:34]} f6 {[%clk 00:20:34]} {[%emt 00:04:13]} 47. Ka5
{[%clk 01:08:03]} {[%emt 00:01:35]} Ra8+ {[%clk 00:20:22]} {[%emt 00:00:42]}
48. Kb6 {[%clk 01:07:50]} {[%emt 00:00:42]} Rb8+ {[%clk 00:18:57]} {[%emt
00:01:55]} 49. Ka6 {[%clk 01:06:24]} {[%emt 00:01:57]} Ra8+ {[%clk 00:14:20]}
{[%emt 00:05:06]} 50. Kb7 {[%clk 01:06:41]} {[%emt 00:00:14]} Ra5 {[%clk
00:11:03]} {[%emt 00:03:47]} 51. b6 {[%clk 01:07:03]} {[%emt 00:00:08]} Rb5
{[%clk 00:10:39]} {[%emt 00:00:54]} 52. Ka7 {[%clk 01:07:27]} {[%emt 00:00:06]}
1-0

[Event "DVM U20w 2023"]
[Site "Magdeburg GER"]
[Date "2023.12.30"]
[Round "7"]
[White "Brunner, Sophia"]
[Black "Hoffmann, Sophia"]
[Result "1-0"]
[Termination "normal"]
[Board "1.3"]
[WhiteElo "1777"]
[BlackElo "1423"]
[WhiteClock "00:28:05"]
[BlackClock "00:03:44"]
[WhiteTeam "SK Nordhorn-Blanke"]
[BlackTeam "Karlsruher SF 1853"]
[PlyCount "157"]
[WhiteFideId "12960683"]
[BlackFideId "16259130"]
[EventCountry "GER"]
[EventRounds "7"]
[EventType "team-swiss"]
[EventDate "2023.12.26"]

1. d4 {[%clk 01:30:57]} {[%emt 00:00:02]} d5 {[%clk 01:30:57]} {[%emt
00:00:03]} 2. Nf3 {[%clk 01:31:11]} {[%emt 00:00:16]} Nf6 {[%clk 01:30:49]}
{[%emt 00:00:39]} 3. g3 {[%clk 01:31:16]} {[%emt 00:00:24]} c6 {[%clk
01:28:12]} {[%emt 00:03:07]} 4. Bg2 {[%clk 01:31:07]} {[%emt 00:00:38]} Bf5
{[%clk 01:26:44]} {[%emt 00:01:59]} 5. O-O {[%clk 01:31:25]} {[%emt 00:00:12]}
e6 {[%clk 01:25:52]} {[%emt 00:01:22]} 6. b3 {[%clk 01:30:24]} {[%emt
00:01:32]} Bd6 {[%clk 01:20:39]} {[%emt 00:05:42]} 7. Bb2 {[%clk 01:30:39]}
{[%emt 00:00:15]} Nbd7 {[%clk 01:13:27]} {[%emt 00:07:42]} 8. Nbd2 {[%clk
01:30:18]} {[%emt 00:00:51]} Qc7 {[%clk 01:02:47]} {[%emt 00:11:10]} 9. c4
{[%clk 01:28:56]} {[%emt 00:01:52]} c5 {[%clk 00:55:40]} {[%emt 00:07:37]} 10.
cxd5 {[%clk 01:25:26]} {[%emt 00:04:00]} exd5 {[%clk 00:54:31]} {[%emt
00:01:39]} 11. dxc5 {[%clk 01:24:45]} {[%emt 00:01:11]} Bxc5 {[%clk 00:54:37]}
{[%emt 00:00:24]} 12. Nd4 {[%clk 01:23:50]} {[%emt 00:01:26]} Be6 {[%clk
00:47:29]} {[%emt 00:07:34]} 13. N2f3 {[%clk 01:21:17]} {[%emt 00:03:07]} O-O
{[%clk 00:44:43]} {[%emt 00:03:15]} 14. Qd3 {[%clk 01:16:46]} {[%emt 00:05:01]}
Qb6 {[%clk 00:39:53]} {[%emt 00:05:21]} 15. e3 {[%clk 01:11:01]} {[%emt
00:06:15]} Ne4 {[%clk 00:36:43]} {[%emt 00:03:39]} 16. Nd2 {[%clk 01:08:49]}
{[%emt 00:02:42]} Nxd2 {[%clk 00:34:25]} {[%emt 00:02:49]} 17. Qxd2 {[%clk
01:09:12]} {[%emt 00:00:06]} Nf6 {[%clk 00:33:40]} {[%emt 00:01:15]} 18. Qd3
{[%clk 01:08:14]} {[%emt 00:01:28]} Rac8 {[%clk 00:32:26]} {[%emt 00:01:45]}
19. Ne2 {[%clk 00:59:02]} {[%emt 00:09:42]} Rfd8 {[%clk 00:21:20]} {[%emt
00:11:35]} 20. Bd4 {[%clk 00:49:28]} {[%emt 00:10:03]} Bxd4 {[%clk 00:20:01]}
{[%emt 00:01:50]} 21. Nxd4 {[%clk 00:49:40]} {[%emt 00:00:18]} Qa5 {[%clk
00:16:58]} {[%emt 00:03:33]} 22. Qb5 {[%clk 00:43:41]} {[%emt 00:06:30]} Qxb5
{[%clk 00:16:00]} {[%emt 00:01:28]} 23. Nxb5 {[%clk 00:44:03]} {[%emt
00:00:08]} Rc5 {[%clk 00:15:45]} {[%emt 00:00:45]} 24. Nd4 {[%clk 00:44:13]}
{[%emt 00:00:19]} Rdc8 {[%clk 00:15:13]} {[%emt 00:01:03]} 25. Rfd1 {[%clk
00:42:57]} {[%emt 00:01:46]} Kf8 {[%clk 00:14:54]} {[%emt 00:00:49]} 26. f3
{[%clk 00:40:05]} {[%emt 00:03:22]} Ke7 {[%clk 00:13:03]} {[%emt 00:02:21]} 27.
Kf2 {[%clk 00:37:35]} {[%emt 00:03:00]} Nd7 {[%clk 00:12:14]} {[%emt 00:01:19]}
28. Ke2 {[%clk 00:37:32]} {[%emt 00:00:33]} Ne5 {[%clk 00:11:36]} {[%emt
00:01:08]} 29. Kd2 {[%clk 00:32:12]} {[%emt 00:05:49]} Nc6 {[%clk 00:10:47]}
{[%emt 00:01:18]} 30. Nxc6+ {[%clk 00:32:31]} {[%emt 00:00:12]} R8xc6 {[%clk
00:11:10]} {[%emt 00:00:07]} 31. Rdc1 {[%clk 00:31:56]} {[%emt 00:01:05]} Rxc1
{[%clk 00:11:04]} {[%emt 00:00:36]} 32. Rxc1 {[%clk 00:32:21]} {[%emt
00:00:05]} Rxc1 {[%clk 00:11:13]} {[%emt 00:00:21]} 33. Kxc1 {[%clk 00:32:45]}
{[%emt 00:00:06]} Kd6 {[%clk 00:11:24]} {[%emt 00:00:19]} 34. Kd2 {[%clk
00:33:03]} {[%emt 00:00:12]} Kc5 {[%clk 00:10:34]} {[%emt 00:01:20]} 35. Kc3
{[%clk 00:33:22]} {[%emt 00:00:11]} a5 {[%clk 00:08:48]} {[%emt 00:02:16]} 36.
a3 {[%clk 00:33:15]} {[%emt 00:00:37]} f6 {[%clk 00:05:17]} {[%emt 00:04:01]}
37. Bf1 {[%clk 00:32:19]} {[%emt 00:01:25]} Bf7 {[%clk 00:04:16]} {[%emt
00:01:32]} 38. b4+ {[%clk 00:32:39]} {[%emt 00:00:10]} axb4+ {[%clk 00:04:12]}
{[%emt 00:00:34]} 39. axb4+ {[%clk 00:33:03]} {[%emt 00:00:06]} Kc6 {[%clk
00:03:25]} {[%emt 00:01:17]} 40. Kd4 {[%clk 00:33:19]} {[%emt 00:00:14]} Kd6
{[%clk 00:02:20]} {[%emt 00:01:34]} 41. Bd3 {[%clk 00:32:24]} {[%emt 00:01:26]}
g6 {[%clk 00:29:23]} {[%emt 00:03:26]} 42. Bb5 {[%clk 00:59:35]} {[%emt
00:03:20]} b6 {[%clk 00:26:45]} {[%emt 00:03:08]} 43. Ba4 {[%clk 00:57:58]}
{[%emt 00:02:07]} Be6 {[%clk 00:23:54]} {[%emt 00:03:21]} 44. Bb3 {[%clk
00:56:21]} {[%emt 00:02:07]} f5 {[%clk 00:14:05]} {[%emt 00:10:19]} 45. h4
{[%clk 00:42:11]} {[%emt 00:14:41]} b5 {[%clk 00:06:08]} {[%emt 00:08:26]} 46.
Ba2 {[%clk 00:36:03]} {[%emt 00:06:38]} h6 {[%clk 00:01:27]} {[%emt 00:05:10]}
47. Bb3 {[%clk 00:31:18]} {[%emt 00:05:16]} g5 {[%clk 00:00:47]} {[%emt
00:01:11]} 48. hxg5 {[%clk 00:27:46]} {[%emt 00:04:01]} hxg5 {[%clk 00:01:11]}
{[%emt 00:00:06]} 49. Ba2 {[%clk 00:21:19]} {[%emt 00:06:57]} g4 {[%clk
00:00:36]} {[%emt 00:01:06]} 50. fxg4 {[%clk 00:20:51]} {[%emt 00:00:57]} fxg4
{[%clk 00:00:59]} {[%emt 00:00:07]} 51. e4 {[%clk 00:21:03]} {[%emt 00:00:18]}
dxe4 {[%clk 00:01:02]} {[%emt 00:00:28]} 52. Bxe6 {[%clk 00:21:27]} {[%emt
00:00:05]} Kxe6 {[%emt 00:00:13]} 53. Kxe4 {[%clk 00:21:54]} {[%emt 00:00:03]}
Kd6 {[%clk 00:01:29]} {[%emt 00:00:21]} 54. Kd4 {[%clk 00:20:49]} {[%emt
00:01:34]} Ke6 {[%clk 00:00:34]} {[%emt 00:01:25]} 55. Kc5 {[%clk 00:20:39]}
{[%emt 00:00:41]} Ke5 {[%clk 00:00:54]} {[%emt 00:00:09]} 56. Kxb5 {[%clk
00:21:04]} {[%emt 00:00:06]} Ke4 {[%clk 00:01:16]} {[%emt 00:00:08]} 57. Kc6
{[%clk 00:21:06]} {[%emt 00:00:28]} Kf3 {[%clk 00:01:39]} {[%emt 00:00:07]} 58.
b5 {[%clk 00:21:34]} {[%emt 00:00:02]} Kxg3 {[%clk 00:02:01]} {[%emt 00:00:08]}
59. b6 {[%clk 00:22:01]} {[%emt 00:00:02]} Kh3 {[%clk 00:01:55]} {[%emt
00:00:36]} 60. b7 {[%clk 00:22:28]} {[%emt 00:00:04]} g3 {[%clk 00:02:22]}
{[%emt 00:00:03]} 61. b8=Q {[%clk 00:22:49]} {[%emt 00:00:08]} g2 {[%clk
00:02:43]} {[%emt 00:00:09]} 62. Qh8+ {[%clk 00:22:45]} {[%emt 00:00:34]} Kg3
{[%clk 00:03:06]} {[%emt 00:00:07]} 63. Qg7+ {[%clk 00:23:12]} {[%emt
00:00:02]} Kf2 {[%clk 00:02:57]} {[%emt 00:00:39]} 64. Qf6+ {[%clk 00:23:37]}
{[%emt 00:00:06]} Ke2 {[%clk 00:02:10]} {[%emt 00:01:17]} 65. Qg5 {[%clk
00:23:49]} {[%emt 00:00:19]} Kf2 {[%clk 00:02:27]} {[%emt 00:00:12]} 66. Qf4+
{[%clk 00:24:13]} {[%emt 00:00:06]} Ke2 {[%clk 00:02:08]} {[%emt 00:00:48]} 67.
Qg3 {[%clk 00:24:31]} {[%emt 00:00:13]} Kf1 {[%clk 00:02:25]} {[%emt 00:00:13]}
68. Qf3+ {[%clk 00:24:55]} {[%emt 00:00:06]} Kg1 {[%clk 00:02:43]} {[%emt
00:00:13]} 69. Kd5 {[%clk 00:25:19]} {[%emt 00:00:06]} Kh2 {[%clk 00:03:04]}
{[%emt 00:00:09]} 70. Qf2 {[%clk 00:25:39]} {[%emt 00:00:09]} Kh1 {[%clk
00:02:55]} {[%emt 00:00:39]} 71. Qh4+ {[%clk 00:26:04]} {[%emt 00:00:05]} Kg1
{[%clk 00:03:10]} {[%emt 00:00:15]} 72. Ke4 {[%clk 00:26:02]} {[%emt 00:00:31]}
Kf1 {[%clk 00:03:16]} {[%emt 00:00:23]} 73. Qf4+ {[%clk 00:26:24]} {[%emt
00:00:10]} Ke1 {[%clk 00:03:12]} {[%emt 00:00:34]} 74. Qg3+ {[%clk 00:26:25]}
{[%emt 00:00:28]} Kf1 {[%clk 00:03:14]} {[%emt 00:00:29]} 75. Qf3+ {[%clk
00:26:47]} {[%emt 00:00:08]} Kg1 {[%clk 00:03:38]} {[%emt 00:00:06]} 76. Ke3
{[%clk 00:26:54]} {[%emt 00:00:24]} Kh2 {[%clk 00:03:25]} {[%emt 00:00:42]} 77.
Qf2 {[%clk 00:27:15]} {[%emt 00:00:09]} Kh1 {[%clk 00:03:30]} {[%emt 00:00:25]}
78. Qh4+ {[%clk 00:27:41]} {[%emt 00:00:05]} Kg1 {[%clk 00:03:44]} {[%emt
00:00:14]} 79. Kf3 {[%clk 00:28:05]} {[%emt 00:00:07]} 1-0

[Event "DVM U20w 2023"]
[Site "Magdeburg GER"]
[Date "2023.12.30"]
[Round "7"]
[White "Schmidt, Antonia"]
[Black "Müdder, Melanie"]
[Result "1/2-1/2"]
[Termination "normal"]
[Board "2.1"]
[WhiteElo "1647"]
[BlackElo "1888"]
[WhiteClock "00:02:02"]
[BlackClock "00:04:13"]
[WhiteTeam "Lübecker SV 1873"]
[BlackTeam "SG Solingen"]
[PlyCount "70"]
[WhiteFideId "16291280"]
[BlackFideId "12994103"]
[EventCountry "GER"]
[EventRounds "7"]
[EventType "team-swiss"]
[EventDate "2023.12.26"]

1. c4 {[%clk 01:30:58]} {[%emt 00:00:02]} e5 {[%clk 01:30:49]} {[%emt
00:00:11]} 2. Nc3 {[%clk 01:31:20]} {[%emt 00:00:08]} Nc6 {[%clk 01:30:49]}
{[%emt 00:00:30]} 3. g3 {[%clk 01:31:13]} {[%emt 00:00:37]} Bc5 {[%clk
01:31:11]} {[%emt 00:00:08]} 4. e3 {[%clk 01:30:05]} {[%emt 00:01:38]} a6
{[%clk 01:30:19]} {[%emt 00:01:22]} 5. Bg2 {[%clk 01:29:14]} {[%emt 00:01:21]}
d6 {[%clk 01:30:34]} {[%emt 00:00:15]} 6. Nge2 {[%clk 01:28:52]} {[%emt
00:00:52]} Ba7 {[%clk 01:29:58]} {[%emt 00:01:06]} 7. O-O {[%clk 01:27:00]}
{[%emt 00:02:22]} h5 {[%clk 01:29:59]} {[%emt 00:00:29]} 8. d4 {[%clk
01:22:37]} {[%emt 00:04:53]} h4 {[%clk 01:27:27]} {[%emt 00:03:01]} 9. f4
{[%clk 01:03:32]} {[%emt 00:19:35]} hxg3 {[%clk 01:12:40]} {[%emt 00:15:18]}
10. hxg3 {[%clk 01:03:45]} {[%emt 00:00:17]} Nh6 {[%clk 01:07:20]} {[%emt
00:05:50]} 11. Ne4 {[%clk 00:51:52]} {[%emt 00:12:22]} Ng4 {[%clk 01:02:49]}
{[%emt 00:05:01]} 12. Nf2 {[%clk 00:47:35]} {[%emt 00:04:48]} exf4 {[%clk
00:51:56]} {[%emt 00:11:23]} 13. Nxf4 {[%clk 00:44:13]} {[%emt 00:03:51]} Nh2
{[%clk 00:35:24]} {[%emt 00:17:02]} 14. Re1 {[%clk 00:26:32]} {[%emt 00:18:11]}
Qg5 {[%clk 00:31:09]} {[%emt 00:04:46]} 15. Bxc6+ {[%clk 00:23:55]} {[%emt
00:03:07]} bxc6 {[%clk 00:30:18]} {[%emt 00:01:21]} 16. Kg2 {[%clk 00:24:15]}
{[%emt 00:00:09]} Ng4 {[%clk 00:26:20]} {[%emt 00:04:28]} 17. Rh1 {[%clk
00:22:50]} {[%emt 00:01:55]} Rxh1 {[%clk 00:22:52]} {[%emt 00:03:59]} 18. Qxh1
{[%clk 00:22:37]} {[%emt 00:00:41]} Qh6 {[%clk 00:18:30]} {[%emt 00:04:53]} 19.
Bd2 {[%clk 00:21:46]} {[%emt 00:01:21]} Rb8 {[%clk 00:17:39]} {[%emt 00:01:22]}
20. b3 {[%clk 00:21:25]} {[%emt 00:00:50]} Qxh1+ {[%clk 00:16:17]} {[%emt
00:01:52]} 21. Rxh1 {[%clk 00:21:49]} {[%emt 00:00:06]} Nxf2 {[%clk 00:16:31]}
{[%emt 00:00:16]} 22. Kxf2 {[%clk 00:22:16]} {[%emt 00:00:04]} Bf5 {[%clk
00:16:40]} {[%emt 00:00:21]} 23. Ne2 {[%clk 00:15:00]} {[%emt 00:07:46]} Kd7
{[%clk 00:16:49]} {[%emt 00:00:21]} 24. Nc3 {[%clk 00:13:53]} {[%emt 00:01:37]}
Re8 {[%clk 00:16:16]} {[%emt 00:01:03]} 25. Rh5 {[%clk 00:11:22]} {[%emt
00:03:01]} g6 {[%clk 00:14:25]} {[%emt 00:02:21]} 26. Rh7 {[%clk 00:10:34]}
{[%emt 00:01:18]} Re7 {[%clk 00:11:35]} {[%emt 00:03:19]} 27. Kf3 {[%clk
00:09:26]} {[%emt 00:01:39]} Bd3 {[%clk 00:08:05]} {[%emt 00:03:59]} 28. Rh8
{[%clk 00:07:40]} {[%emt 00:02:16]} Re8 {[%clk 00:07:59]} {[%emt 00:00:36]} 29.
Rxe8 {[%clk 00:05:47]} {[%emt 00:02:24]} Kxe8 {[%clk 00:08:24]} {[%emt
00:00:05]} 30. Ne4 {[%clk 00:06:13]} {[%emt 00:00:04]} Ke7 {[%clk 00:07:49]}
{[%emt 00:01:04]} 31. Bc3 {[%clk 00:03:33]} {[%emt 00:03:11]} d5 {[%clk
00:06:54]} {[%emt 00:01:24]} 32. Nd2 {[%clk 00:03:42]} {[%emt 00:00:21]} c5
{[%clk 00:05:08]} {[%emt 00:02:18]} 33. cxd5 {[%clk 00:01:13]} {[%emt
00:02:58]} cxd4 {[%clk 00:05:31]} {[%emt 00:00:06]} 34. Bxd4 {[%clk 00:01:33]}
{[%emt 00:00:11]} Bxd4 {[%clk 00:05:50]} {[%emt 00:00:10]} 35. exd4 {[%clk
00:02:02]} {[%emt 00:00:02]} Kd6 {[%clk 00:04:13]} {[%emt 00:02:07]} 1/2-1/2